Implementácia algoritmu robotického vyberania objektu pomocou knižnice MoveIt Task Constructor

Guardado en:
Detalles Bibliográficos
Autor principal: Balko, Jaroslav (Autor)
Otros Autores: Babinec, Andrej (Orientador)
Formato: Manuscrito Libro
Lenguaje:eslovaco
Publicado: Bratislava : STU v Bratislave FEI, 2023
Materias:
Acceso en línea:https://opac.crzp.sk/?fn=detailBiblioFormChildUDA5L&sid=72C4190EA10FC8F71DD503D508EF&seo=CRZP-detail-kniha
Etiquetas: Agregar Etiqueta
Sin Etiquetas, Sea el primero en etiquetar este registro!

MARC

LEADER 00000ntm a22000003a 4500
001 stuzp91989
003 SK-STU
005 20241127121801.1
007 ta
008 150427s2015----xo-----f-mn---000-0-slo-d
040 |a STU  |b slo 
041 0 |a slo 
044 |a xo 
100 1 |a Balko, Jaroslav  |u 031000  |4 aut  |U FEI Fakulta elektrotechniky a informatiky  |T FEI Ústav robotiky a kybernetiky  |X 98309  |U E011  |Y 356  |7 98309 
242 0 1 |a Implementation of Robotic Object Picking Algorithm Using MoveIt Task Constructor Library  |y eng 
245 1 0 |a Implementácia algoritmu robotického vyberania objektu pomocou knižnice MoveIt Task Constructor 
260 |a Bratislava :  |b STU v Bratislave FEI,  |c 2023 
300 |a 64 s. 
650 4 |a Moveit Task Constructor  |2 slo 
650 4 |a robotický manipulátor  |2 slo 
650 4 |a linux  |2 slo 
650 4 |a moveit  |2 slo 
650 4 |a ROS 2  |2 slo 
650 4 |a Moveit Task Constructor  |2 eng 
650 4 |a robotic manipulator  |2 eng 
650 4 |a linux  |2 eng 
650 4 |a moveit  |2 eng 
650 4 |a ROS 2  |2 eng 
700 1 |a Babinec, Andrej  |u 031000  |k Z1  |4 ths  |U FEI Fakulta elektrotechniky a informatiky  |T FEI Ústav robotiky a kybernetiky  |X 11598  |U E011  |Y 356  |7 A000011598 
856 4 |u https://opac.crzp.sk/?fn=detailBiblioFormChildUDA5L&sid=72C4190EA10FC8F71DD503D508EF&seo=CRZP-detail-kniha